000 00704cam a22002291 4500
001 ca 22000117
003 DLC
005 20260227111109.0
007 cr_|||||||||||
008 880813s1921 ohuac 000 0 eng
010 _aca 22000117
035 _a(OCoLC)18348570
040 _aDLC
_cRPB
_dDLC
042 _apremarc
050 0 0 _aPS3515.E115
_bP6 1921
100 1 _aHead, Frank E.
245 1 0 _a"Poems of nature" ...
_cF.E. Head, author.
260 _a[Toledo,
_bStandard Printing Co.,
_c1921]
300 _a30 p., 1 l.
_billus. (incl. port.)
_c21 cm.
530 _aAlso available in digital form on the Internet Archive Web site.
856 4 1 _uhttp://hdl.loc.gov/loc.gdc/scd0001.00159058554
999 _c15576
_d15576